=LDR 00000nam 2200000 4500 =001 INLIS000000000035336 =005 20201116120125 =035 ##$$a 0010-061300000035336 =008 201116################g##########0#ind## =041 ##$$a ind =082 ##$$a 324 =090 ##$$a 324, Lap l =245 ##$$a Laporan pemilu presiden dan wakil presiden 2009 =260 ##$$a Mataram :$b KPU Provinsi NTB,$c 2009 =300 ##$$a Viii,107 hlm. : $b ilus ; $c 14,5x20,5 cm. =650 #4$$a Pemilihan Umum - Indonesia =850 ##$$a NBPNMAT =084 ##$$a 324 LAP l =990 ##$$a 31011328 =990 ##$$a 31011326 =990 ##$$a 31011327 =990 ##$$a 31011325